Normal view
MARC view
Entry Personal Name
001 - CONTROL NUMBER
- control field: 936
003 - CONTROL NUMBER IDENTIFIER
- control field: PK-NaQUE
005 - DATE AND TIME OF LATEST TRANSACTION
- control field: 20260622114035.0
008 - FIXED-LENGTH DATA ELEMENTS
- fixed length control field: 260622|| aca||aabn | a|a d
040 ## - CATALOGING SOURCE
- Original cataloging agency: PK-NaQUE
- Transcribing agency: PK-NaQUE
100 ## - HEADING--PERSONAL NAME
- Personal name: Schramm, Jeffrey W
670 ## - SOURCE DATA FOUND
- Source citation: Work cat.: (PK-NaQUE)65584: Schramm, Jeffrey W. , Out of Steam: dieselization and American Railroad, 1920-1960